Catalog

Record Details

Catalog Search



Invariants of Behavior Constancy and Variability in Neural Systems  Cover Image E-book E-book

Invariants of Behavior [electronic resource] : Constancy and Variability in Neural Systems / by Mario Negrello.

Record details

  • ISBN: 9781441988041
  • Physical Description: XIX, 251p. 65 illus., 45 illus. in color. digital.
  • Edition: 1.
  • Publisher: New York, NY : Springer New York, 2011.
Subject: Medicine.
Neurosciences.
Computer science.
Neurobiology.
Biomedicine.
Neurosciences.
Computation by Abstract Devices.
Neurobiology.

Electronic resources


LDR 01333nam a22003855i 4500
0013946
003CONS
00520121025180132.0
007cr nn 008mamaa
008110601s2011 xxu| s |||| 0|eng d
020 . ‡a9781441988041 ‡9978-1-4419-8804-1
0247 . ‡a10.1007/978-1-4419-8804-1 ‡2doi
035 . ‡a(DE-He213)978-1-4419-8804-1
050 4. ‡aRC321-580
072 7. ‡aPSAN ‡2bicssc
072 7. ‡aMED057000 ‡2bisacsh
1001 . ‡aNegrello, Mario.
24510. ‡aInvariants of Behavior ‡h[electronic resource] : ‡bConstancy and Variability in Neural Systems / ‡cby Mario Negrello.
250 . ‡a1.
260 . ‡aNew York, NY : ‡bSpringer New York, ‡c2011.
300 . ‡aXIX, 251p. 65 illus., 45 illus. in color. ‡bdigital.
4900 . ‡aSpringer Series in Cognitive and Neural Systems ; ‡v1
650 0. ‡aMedicine.
650 0. ‡aNeurosciences.
650 0. ‡aComputer science.
650 0. ‡aNeurobiology.
65014. ‡aBiomedicine.
65024. ‡aNeurosciences.
65024. ‡aComputation by Abstract Devices.
65024. ‡aNeurobiology.
7102 . ‡aSpringerLink (Online service)
7730 . ‡tSpringer eBooks
77608. ‡iPrinted edition: ‡z9781441988034
830 0. ‡aSpringer Series in Cognitive and Neural Systems ; ‡v1
85640. ‡uhttp://dx.doi.org/10.1007/978-1-4419-8804-1 ‡9CONS
950 . ‡aBiomedical and Life Sciences (Springer-11642)
901 . ‡a3946 ‡b ‡c3946 ‡tbiblio ‡sSystem Local

Additional Resources